Beautiful women by picture 3 - Statistics

General Stats
  • This quiz has been taken 236 times
  • The average score is 7 of 16
Answer Stats
Picture Answer % Correct
Shakira
84%
Serena Williams
71%
Megan Fox
70%
Jennifer Lawrence
68%
Natalie Portman
60%
Heidi Klum
59%
Elizabeth Taylor
45%
Mila Kunis
45%
Cindy Crawford
38%
Naomi Campbell
36%
Sharon Stone
28%
Ingrid Bergman
22%
Lisa Ann
18%
Carmen Electra
17%
Michelle Wie
8%
Vanessa Mae
2%
No matching quizzes found
Score Distribution
Percent of People with Each Score
Percentile by Number Answered
Your Score History
You have not taken this quiz